<?xml version="1.0" encoding="UTF-8"?>
<record
    xmlns:xsi="http://www.w3.org/2001/XMLSchema-instance"
    xsi:schemaLocation="http://www.loc.gov/MARC21/slim http://www.loc.gov/standards/marcxml/schema/MARC21slim.xsd"
    xmlns="http://www.loc.gov/MARC21/slim">

  <leader>01049nam a22001817a 4500</leader>
  <controlfield tag="005">20260329111532.0</controlfield>
  <controlfield tag="008">260329b        |||||||| |||| 00| 0 eng d</controlfield>
  <datafield tag="020" ind1=" " ind2=" ">
    <subfield code="a">9780745633824</subfield>
    <subfield code="q">hbk</subfield>
  </datafield>
  <datafield tag="041" ind1=" " ind2=" ">
    <subfield code="a">eng</subfield>
  </datafield>
  <datafield tag="082" ind1=" " ind2=" ">
    <subfield code="a">303.625</subfield>
    <subfield code="b">PED</subfield>
  </datafield>
  <datafield tag="100" ind1=" " ind2=" ">
    <subfield code="a">Pedahzur, Ami</subfield>
  </datafield>
  <datafield tag="245" ind1=" " ind2=" ">
    <subfield code="a">Suicide Terrorism</subfield>
    <subfield code="c">/Ami Pedahzur</subfield>
  </datafield>
  <datafield tag="260" ind1=" " ind2=" ">
    <subfield code="b">Polity Pr</subfield>
    <subfield code="c">2005</subfield>
  </datafield>
  <datafield tag="300" ind1=" " ind2=" ">
    <subfield code="a">261p,;</subfield>
    <subfield code="c">18 cm.</subfield>
  </datafield>
  <datafield tag="504" ind1=" " ind2=" ">
    <subfield code="a">index</subfield>
  </datafield>
  <datafield tag="520" ind1=" " ind2=" ">
    <subfield code="a">Suicide terrorism in its modern form made its first appearance in Lebanon in the early 1980s. Over the last quarter century, terrorist attacks perpetrated by suicide bombers have spread to many corners of the world and have become a major threat for both the governments and citizens of numerous countries. Can this devastating phenomenon be attributed to a specific religion or culture? What are the causes and motivations that lead ordinary people to embark upon suicide attacks? How are potential bombers trained for their mission? And is it possible for democratic governments to effectively cope with this challenge?</subfield>
  </datafield>
  <datafield tag="942" ind1=" " ind2=" ">
    <subfield code="c">ENGLISH</subfield>
  </datafield>
  <datafield tag="999" ind1=" " ind2=" ">
    <subfield code="c">618101</subfield>
    <subfield code="d">618101</subfield>
  </datafield>
  <datafield tag="952" ind1=" " ind2=" ">
    <subfield code="0">0</subfield>
    <subfield code="1">0</subfield>
    <subfield code="4">0</subfield>
    <subfield code="7">0</subfield>
    <subfield code="a">ACL</subfield>
    <subfield code="b">ACL</subfield>
    <subfield code="c">3B</subfield>
    <subfield code="d">2026-03-29</subfield>
    <subfield code="l">0</subfield>
    <subfield code="o">303.625 PED</subfield>
    <subfield code="p">135523</subfield>
    <subfield code="r">2026-03-29 11:15:55</subfield>
    <subfield code="w">2026-03-29</subfield>
    <subfield code="y">ENGLISH</subfield>
  </datafield>
</record>
